| 000 | 00613nam a22002051a 4500 | ||
|---|---|---|---|
| 001 | 11561 | ||
| 003 | OSt | ||
| 005 | 20260204212248.0 | ||
| 008 | 130116s1999||||ag ||||||b||||||||||spa|| | ||
| 020 | _a9508850329 | ||
| 050 | _a346.0682 C111c T VII | ||
| 100 | _aCabanellas de las cuevas | ||
| 245 | _aContabilidad y documentación societaria / Guillermo cabanellas de las cuevas | ||
| 264 | _aArgentina : Heliasta | ||
| 300 | _a556 P | ||
| 490 | _aDerecho societario | ||
| 500 | _aIncluye bibliografia | ||
| 650 | _aDerecho societario 2.Sociedades comerciales 3.Contabilidad societariaĆ | ||
| 942 |
_2ddc _cBK |
||
| 999 |
_c11561 _d11561 |
||